[Event "Brno Duras op"]
[Site "Brno"]
[Date "2016.06.30"]
[Round "6"]
[White "Zejda, Karel"]
[Black "Khachatouri, Saro"]
[Result "1-0"]
[WhiteElo "1756"]
[BlackElo "1847"]
[PlyCount "83"]
[EventDate "2016.06.25"]
[EventType "swiss"]
[EventRounds "9"]
[EventCountry "CZE"]
[SourceTitle "CBM 173 Extra"]
[Source "ChessBase"]
[SourceDate "2016.08.29"]
[SourceVersion "1"]
[SourceVersionDate "2016.08.29"]
[SourceQuality "1"]

1. d4 d5 2. Nf3 Bf5 3. Bf4 Nf6 4. e3 e6 5. Nbd2 c5 6. c3 Nc6 7. Be2 Be7 8. h3 0-0 9. 0-0 h6 10. Bg3 cxd4 11. exd4 Ne4 12. Nxe4 Bxe4 13. Nd2 Bh7 14. f4 Rc8 15. Nf3 a6 16. Re1 b5 17. Rc1 Be4 18. Nd2 f5 19. a4 Na5 20. axb5 axb5 21. Bxb5 Qb6 22. Bd7 Rc7 23. Qa4 Rd8 24. Bxe6+ Kh7 25. Nxe4 fxe4 26. f5 Ra7 27. Qd1 Bg5 28. Rb1 Nc4 29. Qe2 Ra2 30. Bxd5 Rxb2 31. Rxb2 Nxb2 32. Rb1 Rxd5 33. Rxb2 Qf6 34. Be5 Rxe5 35. dxe5 Qxe5 36. Rb4 e3 37. Qd3 h5 38. Rb2 Kh6 39. Rb6+ Bf6 40. Re6 Qa5 41. Qxe3+ Kh7 42. Qf3 1-0

[Event "Brno Duras op"]
[Site "Brno"]
[Date "2016.06.25"]
[Round "1"]
[White "Snorek, Milan"]
[Black "Zejda, Karel"]
[Result "1-0"]
[WhiteElo "2007"]
[BlackElo "1756"]
[PlyCount "79"]
[EventDate "2016.06.25"]
[EventType "swiss"]
[EventRounds "9"]
[EventCountry "CZE"]
[SourceTitle "CBM 173 Extra"]
[Source "ChessBase"]
[SourceDate "2016.08.29"]
[SourceVersion "1"]
[SourceVersionDate "2016.08.29"]
[SourceQuality "1"]

1. d4 d5 2. c4 e6 3. cxd5 exd5 4. Nf3 Nf6 5. Bg5 Be7 6. Nc3 Nbd7 7. Qc2 c6 8. e3 0-0 9. Bd3 h6 10. Bf4 Re8 11. 0-0 Nf8 12. h3 Be6 13. Rab1 Bb4 14. a3 Ba5 15. b4 Bb6 16. Na4 a6 17. Rfc1 Ba7 18. Nc5 Bc8 19. a4 Ne6 20. Bh2 Nxc5 21. bxc5 Bb8 22. Bxb8 Rxb8 23. Bxa6 Qc7 24. Bd3 Ra8 25. Ne5 Nd7 26. Bh7+ Kf8 27. Nxd7+ Bxd7 28. Bd3 Ra5 29. Qb3 Rb8 30. Bc2 Ra6 31. Qd3 g6 32. g4 Qc8 33. e4 dxe4 34. Qxe4 h5 35. Qe5 hxg4 36. Qh8+ Ke7 37. Re1+ Be6 38. Rxe6+ fxe6 39. Qg7+ Kd8 40. Qf8+ 1-0

[Event "Brno Duras op-A"]
[Site "Brno"]
[Date "2014.07.03"]
[Round "6"]
[White "Zejda, Karel"]
[Black "Lisik, Miroslav"]
[Result "1-0"]
[WhiteElo "1793"]
[BlackElo "1675"]
[PlyCount "99"]
[EventDate "2014.06.28"]
[EventType "swiss"]
[EventRounds "9"]
[EventCountry "CZE"]
[SourceTitle "CBM 161 Extra"]
[Source "ChessBase"]
[SourceDate "2014.08.29"]
[SourceVersion "1"]
[SourceVersionDate "2014.08.29"]
[SourceQuality "1"]

1. d4 Nf6 2. Nf3 g6 3. e3 Bg7 4. Bd3 d6 5. Nbd2 0-0 6. 0-0 c5 7. c3 Nc6 8. Re1 a6 9. a4 Rb8 10. Qe2 Bd7 11. h3 Qc7 12. Nf1 Na5 13. Ra3 c4 14. Bc2 b5 15. axb5 Bxb5 16. Qd1 Nb3 17. N1d2 Nxd2 18. Bxd2 d5 19. Bc1 e6 20. Nd2 Rfe8 21. f4 Nd7 22. Nf3 f6 23. Rf1 a5 24. e4 dxe4 25. Bxe4 f5 26. Bc2 Bf8 27. Ra1 Bd6 28. Ne5 Nf6 29. Qe1 Nd5 30. Rf3 Nf6 31. g4 Ba6 32. Rg3 fxg4 33. hxg4 Re7 34. Qe2 Bb7 35. f5 exf5 36. Bf4 Nxg4 37. Rxg4 fxg4 38. Qxg4 Bxe5 39. Bxe5 Rxe5 40. dxe5 Qxe5 41. Rd1 Qe3+ 42. Kh2 Qf2+ 43. Kh3 Qxc2 44. Qe6+ Kg7 45. Qe5+ Kh6 46. Qf4+ g5 47. Rd6+ Kg7 48. Qxg5+ Kf7 49. Rf6+ Ke8 50. Qg8+ 1-0

[Event "Brno Duras op-A"]
[Site "Brno"]
[Date "2014.07.02"]
[Round "5"]
[White "Pech, Vaclav"]
[Black "Zejda, Karel"]
[Result "1-0"]
[WhiteElo "2051"]
[BlackElo "1793"]
[PlyCount "51"]
[EventDate "2014.06.28"]
[EventType "swiss"]
[EventRounds "9"]
[EventCountry "CZE"]
[SourceTitle "CBM 161 Extra"]
[Source "ChessBase"]
[SourceDate "2014.08.29"]
[SourceVersion "1"]
[SourceVersionDate "2014.08.29"]
[SourceQuality "1"]

1. Nf3 c5 2. c4 Nc6 3. Nc3 Nf6 4. g3 e6 5. Bg2 Be7 6. 0-0 a6 7. d4 cxd4 8. Nxd4 Qc7 9. b3 0-0 10. Bb2 Rd8 11. Rc1 Qa5 12. e3 g6 13. Qe2 e5 14. Nc2 d6 15. a3 Be6 16. b4 Qb6 17. Nd5 Qa7 18. Nc7 Rac8 19. Nxe6 fxe6 20. Bh3 Rb8 21. Bxe6+ Kg7 22. b5 axb5 23. cxb5 Na5 24. Nb4 Qb6 25. Rc2 Nd7 26. Nd5 1-0

[Event "Brno op 4th"]
[Site "Brno"]
[Date "2013.11.22"]
[Round "8"]
[White "Oglaza, Oskar"]
[Black "Zejda, Karel"]
[Result "1-0"]
[WhiteElo "1572"]
[BlackElo "1825"]
[PlyCount "59"]
[EventDate "2013.11.16"]
[EventType "swiss"]
[EventRounds "9"]
[EventCountry "CZE"]
[SourceTitle "CBM 157 Extra"]
[Source "ChessBase"]
[SourceDate "2013.12.19"]
[SourceVersion "1"]
[SourceVersionDate "2013.12.19"]
[SourceQuality "1"]

1. e4 c5 2. Nf3 d6 3. d4 cxd4 4. Nxd4 Nf6 5. Nc3 a6 6. Be3 e6 7. f3 Be7 8. Qd2 Qc7 9. g4 Nc6 10. 0-0-0 Nd7 11. f4 Nxd4 12. Bxd4 f6 13. h4 b5 14. f5 Ne5 15. Be2 b4 16. Na4 Bb7 17. Nb6 Rb8 18. Bd3 Nf3 19. Qe3 Nxd4 20. Qxd4 e5 21. Qe3 Bc6 22. Nd5 Qb7 23. Bxa6 Qd7 24. Bc4 Bd8 25. g5 Qb7 26. gxf6 gxf6 27. Nxf6+ Bxf6 28. Rxd6 Bxe4 29. Rxf6 Kd8 30. Rd1+ 1-0

[Event "Brno op 4th"]
[Site "Brno"]
[Date "2013.11.17"]
[Round "2"]
[White "Zejda, Karel"]
[Black "Vlajkov, Milenko"]
[Result "1-0"]
[WhiteElo "1825"]
[BlackElo "1600"]
[PlyCount "79"]
[EventDate "2013.11.16"]
[EventType "swiss"]
[EventRounds "9"]
[EventCountry "CZE"]
[SourceTitle "CBM 157 Extra"]
[Source "ChessBase"]
[SourceDate "2013.12.19"]
[SourceVersion "1"]
[SourceVersionDate "2013.12.19"]
[SourceQuality "1"]

1. d4 Nf6 2. Nf3 g6 3. Bf4 Bg7 4. e3 0-0 5. Bd3 d5 6. Nbd2 Nc6 7. c3 Nh5 8. Bg3 Bg4 9. Qc2 Nxg3 10. hxg3 e5 11. dxe5 Nxe5 12. Nxe5 Bxe5 13. Nf3 Bg7 14. 0-0-0 Qf6 15. Be2 Rad8 16. Rh4 h5 17. Rf1 c5 18. Bd3 Bxf3 19. gxf3 d4 20. Rf4 Qg5 21. Re4 Qf6 22. c4 dxe3 23. Rxe3 Rfe8 24. Be4 Bh6 25. f4 Re7 26. Rfe1 Qd4 27. Bxg6 Bxf4 28. gxf4 Qxf4 29. Bxf7+ Rxf7 30. Kb1 Qf5 31. Re4 Kf8 32. f4 Rfd7 33. Re8+ Rxe8 34. Qxf5+ Rf7 35. Rxe8+ Kxe8 36. Qc8+ Ke7 37. Qxb7+ Kf8 38. Qc8+ Kg7 39. Qxc5 Rxf4 40. Qg5+ 1-0

[Event "Brno op 3rd"]
[Site "Brno"]
[Date "2012.11.10"]
[Round "1"]
[White "Zejda, Karel"]
[Black "Parligras, Cosmin"]
[Result "0-1"]
[WhiteElo "1833"]
[BlackElo "2298"]
[PlyCount "92"]
[EventDate "2012.11.10"]
[EventType "swiss"]
[EventRounds "9"]
[EventCountry "CZE"]
[SourceTitle "CBM 151 Extra"]
[Source "ChessBase"]
[SourceDate "2012.12.18"]
[SourceVersion "1"]
[SourceVersionDate "2012.12.18"]
[SourceQuality "1"]

1. d4 Nf6 2. Nf3 e6 3. Bg5 c5 4. e3 Qb6 5. Qc1 Ne4 6. Bh4 d5 7. Nbd2 Nxd2 8. Kxd2 cxd4 9. exd4 e5 10. Kd1 e4 11. Qg5 Be6 12. Bb5+ Nc6 13. Bxc6+ bxc6 14. Nd2 Qxd4 15. c3 Qb6 16. Qe5 Qb8 17. Bg3 Qxe5 18. Bxe5 f6 19. Bd4 c5 20. Be3 Kf7 21. Rf1 Bd6 22. h3 Rab8 23. b3 Rhd8 24. Ke2 Rbc8 25. Rac1 Kg8 26. Rfd1 Bb8 27. Nf1 h6 28. f3 f5 29. fxe4 fxe4 30. Bg1 Bf4 31. Be3 Be5 32. Bf2 g5 33. Bg3 Bf4 34. Rc2 h5 35. Bf2 h4 36. Be3 Rf8 37. Bxf4 gxf4 38. Nd2 Bf7 39. Rf1 Bh5+ 40. Ke1 Rc7 41. Nb1 Kg7 42. Na3 Kh6 43. Rd2 Rf5 44. Nc2 Kg5 45. Rdf2 e3 46. Nxe3 Re7 0-1

[Event "Brno op 2nd"]
[Site "Brno"]
[Date "2011.11.12"]
[Round "1"]
[White "Zejda, Karel"]
[Black "Perdek, Miroslaw"]
[Result "0-1"]
[WhiteElo "1866"]
[BlackElo "2233"]
[PlyCount "86"]
[EventDate "2011.11.12"]
[EventType "swiss"]
[EventRounds "9"]
[EventCountry "CZE"]
[SourceTitle "EXT 2012"]
[Source "ChessBase"]
[SourceDate "2011.11.24"]
[SourceVersion "1"]
[SourceVersionDate "2011.11.24"]
[SourceQuality "1"]

1. d4 Nf6 2. Nf3 e6 3. Bg5 c5 4. e3 Be7 5. Bd3 b6 6. Qe2 Bb7 7. Nbd2 Nc6 8. c3 cxd4 9. exd4 Nd5 10. Bxe7 Qxe7 11. g3 0-0 12. 0-0 d6 13. Rfe1 Nf6 14. Ng5 Rfe8 15. f4 Rad8 16. Nde4 h6 17. Nxf6+ Qxf6 18. Ne4 Qe7 19. Qh5 Nb8 20. Ng5 Nd7 21. Bh7+ Kf8 22. Bd3 Ba8 23. Re2 Kg8 24. Bh7+ Kh8 25. Bd3 Nf6 26. Qh4 Qb7 27. Rf1 Kg8 28. Nf3 Nd5 29. Be4 f5 30. Bd3 Nf6 31. h3 Qf7 32. Kh2 Bc6 33. Nd2 Re7 34. Rfe1 Nd5 35. a3 b5 36. c4 bxc4 37. Bxc4 Rde8 38. b4 Nc3 39. Rxe6 Rxe6 40. Rxe6 Rxe6 41. Qd8+ Kh7 42. Qxd6 Rxd6 43. Bxf7 Rxd4 0-1

[Event "Brno Duras op-A"]
[Site "Brno"]
[Date "2011.07.02"]
[Round "9"]
[White "Kladnak, Martin"]
[Black "Zejda, Karel"]
[Result "0-1"]
[WhiteElo "1579"]
[BlackElo "1869"]
[PlyCount "106"]
[EventDate "2011.06.25"]
[EventType "swiss"]
[EventRounds "9"]
[EventCountry "CZE"]
[SourceTitle "CBM 143 Extra"]
[Source "ChessBase"]
[SourceDate "2011.08.29"]
[SourceVersion "1"]
[SourceVersionDate "2011.08.29"]
[SourceQuality "1"]

1. e4 c5 2. Nf3 d6 3. d4 cxd4 4. Nxd4 Nf6 5. Nc3 a6 6. Be3 e6 7. Be2 Qc7 8. 0-0 Be7 9. Kh1 Nc6 10. f4 Bd7 11. a3 b5 12. Bf3 Rc8 13. Qd2 0-0 14. Nde2 Na5 15. Rab1 Nc4 16. Qd3 Nxe3 17. Qxe3 Qc5 18. Qxc5 Rxc5 19. Rfd1 a5 20. b4 axb4 21. axb4 Rc4 22. e5 Ne8 23. Rd4 Rxd4 24. Nxd4 dxe5 25. fxe5 Nc7 26. Bc6 Bxc6 27. Nxc6 Bg5 28. Rd1 Ra8 29. g3 h5 30. Ne4 Be3 31. Na5 Nd5 32. c3 Kf8 33. Kg2 Bb6 34. Ra1 Bc7 35. Nd6 Ra6 36. c4 Ne3+ 37. Kh3 Nxc4 38. Ndxc4 bxc4 39. Rc1 Bxe5 40. Rxc4 Ra8 41. Nc6 Bc7 42. b5 Ke8 43. Rd4 Bb6 44. Rd2 g5 45. Kg2 Be3 46. Rc2 g4 47. h3 Ra1 48. hxg4 hxg4 49. Rb2 Bb6 50. Kh2 Ra3 51. Ne5 Bc7 52. Nxg4 Rxg3 53. Nf2 Rb3+ 0-1

[Event "Brno Duras op-A"]
[Site "Brno"]
[Date "2011.06.30"]
[Round "7"]
[White "Kopecek, Ivan"]
[Black "Zejda, Karel"]
[Result "1-0"]
[WhiteElo "2001"]
[BlackElo "1869"]
[PlyCount "89"]
[EventDate "2011.06.25"]
[EventType "swiss"]
[EventRounds "9"]
[EventCountry "CZE"]
[SourceTitle "CBM 143 Extra"]
[Source "ChessBase"]
[SourceDate "2011.08.29"]
[SourceVersion "1"]
[SourceVersionDate "2011.08.29"]
[SourceQuality "1"]

1. e4 c5 2. Nf3 d6 3. d4 cxd4 4. Nxd4 Nf6 5. Nc3 a6 6. Be2 e6 7. 0-0 Be7 8. f4 Qc7 9. Be3 Nc6 10. Bf3 Bd7 11. g4 Nxd4 12. Bxd4 e5 13. Bf2 Bc6 14. Qd2 h6 15. a4 Nd7 16. b4 exf4 17. b5 Ne5 18. Bh1 Qc8 19. Qxf4 Bd7 20. Nd5 Bg5 21. Qg3 Bd8 22. Bd4 f6 23. bxa6 Rxa6 24. Qb3 Nc4 25. Rf4 b5 26. Qh3 Be6 27. Raf1 Bxd5 28. exd5 0-0 29. axb5 Ra3 30. c3 Bb6 31. Qd3 Ne5 32. Qf5 Qd8 33. Be4 g6 34. Qe6+ Kg7 35. Kh1 Bxd4 36. cxd4 Nc4 37. R1f2 Ra7 38. g5 hxg5 39. R4f3 Rd7 40. Rxf6 Rxf6 41. Qxf6+ Kg8 42. Qxg6+ Rg7 43. Qe6+ Kh8 44. Rf6 Qe7 45. Rh6+ 1-0

[Event "Brno op 1st"]
[Site "Brno"]
[Date "2010.11.17"]
[Round "6"]
[White "Horyna, Josef"]
[Black "Zejda, Karel"]
[Result "0-1"]
[WhiteElo "1922"]
[BlackElo "1842"]
[PlyCount "72"]
[EventDate "2010.11.14"]
[EventType "swiss"]
[EventRounds "9"]
[EventCountry "CZE"]
[SourceTitle "EXT 2011"]
[Source "ChessBase"]
[SourceDate "2010.11.26"]
[SourceVersion "1"]
[SourceVersionDate "2010.11.26"]
[SourceQuality "1"]

1. e4 c5 2. Nf3 d6 3. d4 cxd4 4. Nxd4 Nf6 5. Nc3 a6 6. Be2 e6 7. 0-0 Be7 8. Be3 0-0 9. a4 Qc7 10. a5 Bd7 11. Nb3 Bc6 12. f3 Nbd7 13. Nd4 d5 14. Nxc6 bxc6 15. exd5 cxd5 16. f4 Bb4 17. Bd4 Bxa5 18. Ra3 Rfb8 19. Na2 Qd8 20. c4 Bb6 21. cxd5 Nxd5 22. Bxa6 Ne3 23. Rxe3 Rxa6 24. Nc1 e5 25. Bxb6 Qxb6 26. Qe2 exf4 27. Rxf4 Ra1 28. Rf1 Re8 29. Kf2 Rb1 30. Kf3 Qf6+ 31. Kg3 Rxe3+ 32. Qxe3 Qxf1 33. Nd3 Rd1 34. Nf2 Qe1 35. Qf3 Rd2 36. Qa8+ Nf8 0-1

[Event "Brno Duras op-B"]
[Site "Brno"]
[Date "2009.07.04"]
[Round "8"]
[White "Novak, Jaromir"]
[Black "Zejda, Karel"]
[Result "1-0"]
[WhiteElo "1893"]
[BlackElo "1902"]
[PlyCount "125"]
[EventDate "2009.06.27"]
[EventType "swiss"]
[EventRounds "9"]
[EventCountry "CZE"]
[SourceTitle "CBM 131 Extra"]
[Source "ChessBase"]
[SourceDate "2009.09.03"]
[SourceVersion "2"]
[SourceVersionDate "2009.09.16"]
[SourceQuality "1"]

1. e4 g6 2. d4 Bg7 3. Nf3 d6 4. Nc3 Nc6 5. Bc4 Nf6 6. 0-0 Bg4 7. Be3 0-0 8. h3 Bd7 9. e5 Ne8 10. Bf4 e6 11. Bg5 f6 12. exf6 Bxf6 13. Bxf6 Qxf6 14. d5 Ne7 15. dxe6 Bxe6 16. Ne4 Qf5 17. Nd4 Qxe4 18. Bxe6+ Kh8 19. Re1 Qh4 20. Nf3 Qf6 21. Qe2 Ng7 22. c3 Nh5 23. Bg4 Nd5 24. Bxh5 Nf4 25. Qe7 Nxh5 26. Qxf6+ Nxf6 27. Re7 Rac8 28. Ng5 Kg8 29. c4 h6 30. Nf3 Rf7 31. Rae1 Kf8 32. R7e6 Rd8 33. Nd4 d5 34. cxd5 Rxd5 35. Nf3 Rf5 36. Ne5 Rg7 37. Rd1 Kg8 38. Rd4 Kh7 39. g4 Rg5 40. h4 Rxe5 41. Rxe5 c6 42. g5 Nd5 43. Kg2 Rf7 44. Kg3 Ne7 45. Rde4 Nf5+ 46. Kg2 Rd7 47. gxh6 Kxh6 48. Re6 Rf7 49. Rg4 Ne7 50. a4 Rg7 51. Kh3 a5 52. b4 axb4 53. Rxb4 Nd5 54. Rg4 Ne7 55. f4 b5 56. axb5 cxb5 57. h5 b4 58. hxg6 Nf5 59. Rb6 b3 60. Rxb3 Rd7 61. Rg5 Ng7 62. Kg4 Rc7 63. Rh3+ 1-0

[Event "Brno Duras op-B"]
[Site "Brno"]
[Date "2009.07.02"]
[Round "6"]
[White "Sojka, Oldrich"]
[Black "Zejda, Karel"]
[Result "0-1"]
[WhiteElo "1558"]
[BlackElo "1902"]
[PlyCount "53"]
[EventDate "2009.06.27"]
[EventType "swiss"]
[EventRounds "9"]
[EventCountry "CZE"]
[SourceTitle "CBM 131 Extra"]
[Source "ChessBase"]
[SourceDate "2009.09.03"]
[SourceVersion "2"]
[SourceVersionDate "2009.09.16"]
[SourceQuality "1"]

1. e4 c5 2. Bc4 e6 3. Nc3 a6 4. a3 Nc6 5. d3 Nf6 6. Nf3 d6 7. Bg5 Be7 8. Qd2 b5 9. Ba2 Bb7 10. h3 h6 11. Bh4 0-0 12. g4 b4 13. axb4 cxb4 14. Ne2 Nxe4 15. Qf4 Bxh4 16. Qxe4 Na5 17. Qe3 Bg5 18. Nxg5 Bxh1 19. Kd2 hxg5 20. Rxh1 Qf6 21. f4 gxf4 22. Qxf4 Qxb2 23. Bb1 e5 24. Qf5 Nb3+ 25. Ke3 Nd4 26. Qf2 Nxc2+ 27. Bxc2 0-1

[Event "Brno Duras op-B"]
[Site "Brno"]
[Date "2009.07.01"]
[Round "5"]
[White "Zejda, Karel"]
[Black "Jires, Jiri"]
[Result "0-1"]
[WhiteElo "1902"]
[BlackElo "1671"]
[PlyCount "122"]
[EventDate "2009.06.27"]
[EventType "swiss"]
[EventRounds "9"]
[EventCountry "CZE"]
[SourceTitle "CBM 131 Extra"]
[Source "ChessBase"]
[SourceDate "2009.09.03"]
[SourceVersion "2"]
[SourceVersionDate "2009.09.16"]
[SourceQuality "1"]

1. d4 c5 2. dxc5 Qa5+ 3. Nc3 Qxc5 4. e4 Nf6 5. Nf3 d6 6. Be2 g6 7. 0-0 Be6 8. Be3 Qc8 9. h3 a6 10. Qd2 Bg7 11. Ng5 Bc4 12. Rfe1 0-0 13. f4 Bxe2 14. Rxe2 Nbd7 15. Bd4 Nc5 16. Rae1 h6 17. Nf3 Ne6 18. Be3 Kh7 19. f5 Nc5 20. fxg6+ fxg6 21. Bd4 e5 22. Bf2 Qc6 23. Kh2 Rad8 24. Qe3 Nh5 25. Rd2 Nf4 26. Red1 Rd7 27. g3 Nfe6 28. b4 Na4 29. Nd5 Nb2 30. Nb6 Nxd1 31. Rxd1 Rdd8 32. c3 Rf7 33. Nd2 Rdf8 34. Be1 Ng5 35. Nd5 Qd7 36. g4 Nf3+ 37. Kg2 Nxd2 38. Qxd2 Rf3 39. Bg3 h5 40. Nb6 Qe6 41. Qxd6 Qxd6 42. Rxd6 Rxc3 43. Rd2 Rff3 44. Bf2 Rxh3 45. g5 Rhd3 46. Re2 Rc1 47. Nd5 Bf8 48. Be3 Rb1 49. Rf2 Kg7 50. Rc2 Bd6 51. Bf2 Rxd5 52. exd5 Rxb4 53. Be3 Rb5 54. Rd2 Bc5 55. d6 Bxe3 56. d7 Bxg5 57. d8Q Bxd8 58. Rxd8 Rb2+ 59. Kf3 Rxa2 60. Rd7+ Kf6 61. Rxb7 a5 0-1

[Event "Brno Duras op-B"]
[Site "Brno"]
[Date "2009.06.30"]
[Round "4"]
[White "Kunik, Jan"]
[Black "Zejda, Karel"]
[Result "0-1"]
[WhiteElo "1361"]
[BlackElo "1902"]
[PlyCount "70"]
[EventDate "2009.06.27"]
[EventType "swiss"]
[EventRounds "9"]
[EventCountry "CZE"]
[SourceTitle "CBM 131 Extra"]
[Source "ChessBase"]
[SourceDate "2009.09.03"]
[SourceVersion "2"]
[SourceVersionDate "2009.09.16"]
[SourceQuality "1"]

1. g3 Nf6 2. Bg2 d5 3. f4 e6 4. Nf3 Nbd7 5. d3 c6 6. 0-0 Bd6 7. e3 0-0 8. Nbd2 Qb6 9. Nb3 c5 10. a4 Qc7 11. c3 c4 12. Nbd4 a6 13. a5 cxd3 14. Qxd3 Nc5 15. Qc2 Bd7 16. Nd2 b5 17. axb6 Qxb6 18. b4 Nce4 19. Bb2 Rac8 20. Qd3 Nxd2 21. Qxd2 Rc7 22. Qe2 Rc4 23. Rfc1 Rfc8 24. h3 e5 25. fxe5 Bxe5 26. Kh2 Re8 27. Bf3 Bxd4 28. cxd4 Rxb4 29. Rab1 Bb5 30. Qd2 Bc4 31. Rc2 Rb8 32. Qc3 Rb3 33. Qd2 Bd3 34. Rbc1 Bxc2 35. Rxc2 Rxb2 0-1

[Event "Brno Duras op-B"]
[Site "Brno"]
[Date "2009.06.29"]
[Round "3"]
[White "Zejda, Karel"]
[Black "Slepanek, Jan"]
[Result "1/2-1/2"]
[WhiteElo "1902"]
[BlackElo "1773"]
[PlyCount "80"]
[EventDate "2009.06.27"]
[EventType "swiss"]
[EventRounds "9"]
[EventCountry "CZE"]
[SourceTitle "CBM 131 Extra"]
[Source "ChessBase"]
[SourceDate "2009.09.03"]
[SourceVersion "2"]
[SourceVersionDate "2009.09.16"]
[SourceQuality "1"]

1. d4 c5 2. dxc5 Qa5+ 3. Nc3 Qxc5 4. e4 Nf6 5. Be2 d6 6. h3 g6 7. Nf3 Bg7 8. 0-0 Be6 9. Be3 Qc8 10. Qd2 0-0 11. Ng5 Bc4 12. Rfe1 Nbd7 13. f4 Bxe2 14. Rxe2 Nc5 15. Bd4 Ne6 16. Nxe6 fxe6 17. Rae1 Nh5 18. f5 Bxd4+ 19. Qxd4 Nf4 20. Re3 e5 21. Qd1 gxf5 22. Kh2 fxe4 23. Rg3+ Kh8 24. Rxe4 Rg8 25. Rxf4 Rxg3 26. Rf2 Rg7 27. Qd5 Qc6 28. Qe6 Rag8 29. Nd5 Qc8 30. Qh6 Qe8 31. Qd2 Qg6 32. Ne3 Rf7 33. Ng4 Rxf2 34. Qxf2 Rc8 35. c3 Qg7 36. Qxa7 h5 37. Qxb7 Rg8 38. Nh6 Qg3+ 39. Kh1 Qe1+ 40. Kh2 Qg3+ 1/2-1/2